| 000 | 01525cam a2200361 a 4500 | ||
|---|---|---|---|
| 001 | 14917768 | ||
| 003 | OSt | ||
| 005 | 20260703151008.0 | ||
| 008 | 070706s2007 ilua 000 0 eng | ||
| 010 | _a 2007026750 | ||
| 020 |
_a9780830835119 _qpbk. : alk. paper |
||
| 020 |
_a0830835113 _qpbk. : alk. paper |
||
| 035 | _a14917768 | ||
| 035 | _a(OCoLC)154677433 | ||
| 040 |
_aDLC _cDLC _dYDX _dBAKER _dBTCTA _dYDXCP _dDLC |
||
| 050 | 0 | 0 |
_aBV4511 _b.K35 2007 |
| 082 | 0 | 0 |
_a248.4 _222 |
| 100 | 1 | _aKang, Joshua Choonmin. | |
| 245 | 1 | 0 |
_aDeep-rooted in Christ : _bthe way of transformation / _cJoshua Choonmin Kang ; foreword by Richard Foster. |
| 260 |
_aDowners Grove, Ill. : _bIVP Books, _cc2007. |
||
| 300 |
_a173 p. : _bill. ; _c21 cm. |
||
| 336 |
_atext _btxt _2rdacontent |
||
| 337 |
_aunmediated _bn _2rdamedia |
||
| 338 |
_avolume _bnc _2rdacarrier |
||
| 505 | 0 | _aBeginning -- Becoming rooted in Jesus -- Growing in grace -- Wilderness-- a preparation -- Soul caring -- Ways to fruitfulness -- Righteousness has a heart -- Way of transformation. | |
| 583 |
_aCataloguing: _c20260703 _kgtanuigtanui |
||
| 650 | 0 | _aSpiritual formation. | |
| 856 | 4 | 1 |
_3Table of contents only _uhttp://www.loc.gov/catdir/toc/ecip0721/2007026750.html |
| 906 |
_a7 _bcbc _corignew _d1 _eecip _f20 _gy-gencatlg |
||
| 942 |
_2lcc _cBK |
||
| 999 |
_c21777 _d21776 |
||